000 00224nam a2200097Ia 4500
008 240331s9999 xx 000 0 und d
082 _bPAN
100 _aPanchaangam, K
245 0 _aDalithugal, penngal, tamizhargal
942 _cL
999 _c1518
_d1518